| 000 | 01309nam a22004817a 4500 | ||
|---|---|---|---|
| 001 | BR7600814 | ||
| 003 | BR-BrBNA | ||
| 005 | 20230928084912.0 | ||
| 007 | ta | ||
| 008 | 230509b bl.||||| |||| 00| 0 por d | ||
| 040 |
_aBR-BrBNA _bpor _cBiblioteca Nacional de Agricultura |
||
| 041 | _a(Por) | ||
| 072 |
_aE10; E70; F00 _b0100 _b0332 _b0336 _b1126 _b1112 _b1060 _b0430 _b2120 _b2110 _b1410 _b1540 _b0230 _b5212 _b/G514 |
||
| 090 | _ 0100 BR7600814 | ||
| 110 | 1 |
_aSubsecretaria de Planejamento e Orcamento, Brasilia, DF (Brasil). Diretoria de Planejamento Agricola _99985 |
|
| 245 | 1 | _aPerspectivas da agricultura brasileira para 1977. Informe antecipado 10 de marco de 1976 | |
| 260 | 3 |
_aBrasilia, DF (Brasil): _c1976. |
|
| 300 | _a113 p. | ||
| 500 | _a43 tables | ||
| 650 | _aCEREAL | ||
| 650 | _aAMENDOIM | ||
| 650 | _aSOJA | ||
| 650 | _aARROZ | ||
| 650 | _aMILHO | ||
| 650 | _aTRIGO | ||
| 650 | _aABACAXI | ||
| 650 | _aALGODAO | ||
| 650 | _aCAFE | ||
| 650 | _aCACAU | ||
| 650 | _aBANANA | ||
| 650 | _aLARANJA | ||
| 650 | _aFEIJAO | ||
| 650 | _aMANDIOCA | ||
| 650 | _aCANA DE ACUCAR | ||
| 650 | _aBOVINO | ||
| 650 | _aLEITE | ||
| 650 | _aCARNE | ||
| 650 | _aRENDIMENTO | ||
| 650 | _aEXPORTACAO | ||
| 650 | _aPRECO | ||
| 909 |
_a202309 _bLucia _c55 _dLucia Elande |
||
| 942 | _cBK | ||
| 999 |
_c21766 _d21766 |
||